logo

Bir Sreshtho Munshi Abdur Rouf Library
Jhenaidah Cadet College

Workers in an Integrating World / (Record no. 7004)

MARC details
000 -LEADER
fixed length control field 00548nam a2200217 a 4500
001 - CONTROL NUMBER
JCCL Control Number 7004
003 - CONTROL NUMBER IDENTIFIER
JCCL marc code BD-JhCC
005 - DATE AND TIME OF LATEST TRANSACTION
control field 20180417174440.0
008 - FIXED-LENGTH DATA ELEMENTS--GENERAL INFORMATION
fixed length control field 180203s1995 u a|||| || | 000 0 eng d
035 ## - SYSTEM CONTROL NUMBER
system control number (BD-JhCC)7004
040 ## - CATALOGING SOURCE
Original cataloging agency BD-JhCC
Modifying agency BD-JhCC
041 ## - LANGUAGE CODE
Language code of Book eng
082 ## - DEWEY DECIMAL CLASSIFICATION NUMBER
Classification number 338.9109049
Author mark and Year WOR 1995
245 ## - TITLE STATEMENT
Title Workers in an Integrating World /
Statement of responsibility, etc The World Bank
260 ## - PUBLICATION, DISTRIBUTION, ETC. (IMPRINT)
Place of publication, distribution, etc Washington :
Date of publication, distribution, etc 1995
300 ## - PHYSICAL DESCRIPTION
Pagination 14 p. :
Other physical details ill. ;
Dimensions 30 cm.
650 ## - SUBJECT ADDED ENTRY--TOPICAL TERM
Topical term or geographic name as entry element Devoloping Contries
710 ## - ADDED ENTRY--CORPORATE NAME
Corporate name or jurisdiction name as entry element The World Bank
942 ## - ADDED ENTRY ELEMENTS (KOHA)
Source of classification or shelving scheme Dewey Decimal Classification
Koha item type Books
Holdings
Source of classification or shelving scheme Damaged status Not for loan Home library Current library Shelving location Total Checkouts Full call number Barcode Date last seen Copy number Koha item type
Dewey Decimal Classification     JCC Rouf Library JCC Rouf Library General Stacks   338.9109049 WOR 1995 7169 02/03/2018 C-1 Books

JCC Library | Contacts | JCC Home

Last Update on 23 September 2017
Copyright @ 2017-2020 JCC Rouf Library
Rouf Library, Jhenidah Cadet College (JCC), Bangladesh